000 00286nam a2200109Ia 4500
008 171211s9999 xx 000 0 und d
245 _aTexas Hold'em For Dummies
245 _cMark Harlan
260 _c2006
650 _xGAMBLING
856 _uhttp://down.ebook777.com/043/047004604X.pdf
999 _c348988
_d348988